Регионална библиотека "Любен Каравелов" - Русе

Популярная гигиена (Запис номер 411601)

MARC детайли
000 -Лидер
Контролно поле с фиксирана дължина nam a22 a 4500
003 - Код на организацията, давaща контролен номер
Контролно поле BLK
005 - Дата и час на последна редакция
Контролно поле 20211001150508.0
008 - Елементи от данни с фиксирана дължина
fixed length control field 210427b bu |||||r|||| 00| | bu d
040 ## - Източник на каталожния запис
Идентификатор на билиотеката - собственик на записа BLK
041 ## - Код за език
Код за езика на текст/звукозапис или на отделно заглавие Руски
Код за езика КДБФ Руски
080 ## - УДК
Текстов определител УДК Хигиена. Лично здраве. Вж и 614 ; 616-083
УДК код - определител по УДК 613
УДК - код + определител 613
139 ## - Редно поле
Редна дума Популярная гигиена
245 ## - Сведения за заглавието
Заглавие Популярная гигиена
Подзаглавни данни Общедоступ. руководство здравоохранения Сост. по Эрисман, Добравин и др. ист.
260 ## - Област на издателските данни
9 (RLIN) 447696
Място на издаване, разпространение и проч. Санкт-Петербург
Име на издателя, разпространителя и проч. Тип. П.П. Сойкина
Година на издаване 1896
300 ## - Физическа характеристика
Страници 53 с.
Размери/Мащаб 21 см
380 ## - Жанр
Жанр Медицина
490 ## - СЕРИИ (Колекции)
9 (RLIN) 435080
Име на серия Колекция Редки и ценни издания
500 ## - Общи забележки
Забележка Прил. к журн. "Природа и люди" за 1896 г.
650 #7 - Допълнително описание по предмет – тема
9 (RLIN) 176430
Основно описание – тема или топоним Хигиена
650 #7 - Допълнително описание по предмет – тема
9 (RLIN) 155904
Основно описание – тема или топоним Здравеопазване
653 #0 - Ключова дума – ненормативна
9 (RLIN) 389697
Ключова дума обществено здраве
700 ## - Други автори (авторска отговорност)
9 (RLIN) 1478
Лично име Гец, Файвель Бенцелевич
Автороска отговорност (Описва отношението между автора и произведението) състав.
852 ## - Местоположение
Форматна сигнатура Рр 896
Фондова буква Редки и ценни
999 ## - СИСТЕМНИ КОНТРОЛНИ НОМЕРА
Koha biblionumber 411601
Koha biblioitemnumber 411601
942 ## - АРТИКУЛИ
Вид на библиотечния материал Книги
Скрит в OPAC Не
Периодичен библиозапис Да
944 ## - СЪЗДАВАНЕ И РЕДАКЦИЯ на ЗАПИСА
Създаване/Редакция Редакция
Дата на регистрацията/редакция 2021-04-27
Служител, извършил регистрацията/редакцията А.М.
999 ## - СИСТЕМНИ КОНТРОЛНИ НОМЕРА
Koha biblioitemnumber 411601
999 ## - СИСТЕМНИ КОНТРОЛНИ НОМЕРА
Koha biblioitemnumber 411601
999 ## - СИСТЕМНИ КОНТРОЛНИ НОМЕРА
Koha biblioitemnumber 411601
999 ## - СИСТЕМНИ КОНТРОЛНИ НОМЕРА
Koha biblioitemnumber 411601
Наличности
Код за отписване Код за изгубен артикул Източник на класификационната схема Код за повреда Коз за рестрикции Код за отдаване Артикулен № Име на библиотеката - собственик Име на библиотеката, в която се намира в момента Статус (Текущо местоположение) Дата на вписване в системата Местоположение - отдел Цена в лева Инвентарен номер Систематично азбучна сигнатура Баркод Цена в евро Служебен тип на артикула
  Не е изгубен Universal Decimal Classification Не е повреден само за читалня Специални фондове ( старопечатни, редки и ценни, фонд М. Арнаудов) 855119 Регионална библиотека "Любен Каравелов" Русе Регионална библиотека "Любен Каравелов" Русе Редки и ценни 2021-09-24 Редки и ценни 0.11 10080 Рр 896 900000056940 0.06 Книги
Vip Innovations Ltd, Rousse, Bulgaria 2025